Statistics for Arnold Schwarzenegger Movies

Click here to take the quiz!

General Stats

  • This quiz has been taken 37,420 times
    (28,714 since last reset)
  • The average score is 9 of 15

Answer Stats

YearDescriptionMovie% Correct
1984Robot from the future hunts the unborn leader of the human resistanceThe Terminator
99%
1990Hilarity ensues as a tough cop goes undercover as a kindergarten teacherKindergarten Cop
84%
1987Alien comes to Earth to hunt special forces soldiersPredator
81%
1988Musclebound genius and diminutive crook once shared the same wombTwins
78%
1982In prehistoric times, a bulky savage crushes his enemies and hears the
lamentations of their women
Conan the
Barbarian
74%
1990Man with implanted memories gets his butt to Mars to give people airTotal Recall
64%
1997The Caped Crusader and his youthful sidekick must defeat an icy villainBatman & Robin
60%
1994Wife is oblivious to the fact that her husband is a super-spy, but eventually she
becomes entangled in a covert op
True Lies
60%
2010Gang of retirement-age mercenaries pursue convoluted military objectivesThe Expendables
55%
1996Holiday laughs ensue as a desperate father seeks to obtain a sold-out toyJingle All the Way
52%
1993Thanks to magic, a boy is transported into the fictional world of his favorite movie heroLast Action Hero
51%
1985Retired soldier must rescue his kidnapped daughter, kill bad guys, and say
awesome catchphrases while doing so
Commando
49%
1987In the future, criminals must fight for their lives on a gruesome TV game showThe Running Man
47%
1994Miracle drug allows a man to become pregnantJunior
38%
1996U.S. Marshal helps protect witnesses by faking their deathsEraser
31%

Score Distribution

Percentile by Number Answered

Percent of People with Each Score

Your Score History

You have not taken this quiz since the last reset